Adivinhe a Letra: País Tropical - Statistics

Estatísticas Gerais
  • Esse quiz foi jogado 53 vezes
  • A pontuação média é 136 de 248
Estatísticas das Respostas
Letra % Correto
a
100%
E
93%
e
93%
é
93%
93%
tropí
93%
país
91%
tropical
91%
de
89%
89%
por
89%
86%
Moro
84%
Abençoá
82%
Abençoado
82%
Deus
82%
naturê,
82%
natureza,
82%
Num
82%
num
82%
boní
75%
bonito
75%
75%
que
73%
Tem
70%
tem
70%
belê
66%
um
66%
carná,
64%
carná
64%
beleza
61%
carnaval,
61%
carnaval
61%
mas
61%
Mas
61%
viô
61%
violão
61%
Em
59%
em
59%
Eu
59%
eu
59%
feverê,
57%
feverê
57%
fevereiro,
57%
fevereiro
57%
uma
55%
chamá
52%
chamada
52%
tenho
52%
Terê
52%
Tereza
52%
48%
nega
48%
Sou
48%
sou
48%
do
43%
43%
Flamê
39%
Flamengo
39%
Flamengo,
39%
fu
39%
fusca
39%
me
36%
da
32%
não
25%
mais
20%
pois
20%
Pois
20%
ser
20%
posso
16%
assim
14%
meus
14%
vida,
14%
amigos,
11%
camaradinhas,
11%
mesmo
11%
Sambaby,
11%
Sambaby
11%
casa
9%
Essa
9%
mediana
9%
menino
9%
mentalidade
9%
muito
9%
(pois é)
9%
respeitam
9%
feliz
7%
feliz,
7%
ninguém
7%
todos
7%
alegria
5%
algo
5%
comigo
5%
devo
5%
nada
5%
razão
5%
bandleader
2%
poder,
2%
simpatia,
2%
Nenhum quiz correspondente encontrado
Distribuição das Pontuações
Porcentagem de Pessoas com Cada Pontuação
Percentil de Números Respondidos
Sua Pontuação Histórica
Você não jogou esse quiz